Manufacturing technology 1 (Record no. 4925)

MARC details
000 -LEADER
fixed length control field 00418nam a22001697a 4500
005 - DATE AND TIME OF LATEST TRANSACTION
control field 20160630123354.0
008 - FIXED-LENGTH DATA ELEMENTS--GENERAL INFORMATION
fixed length control field 160630b xxu||||| |||| 00| 0 eng d
020 ## - INTERNATIONAL STANDARD BOOK NUMBER
ISBN 81-219-2821-4
041 ## - LANGUAGE CODE
Language code of text/sound track or separate title eng
082 ## - DEWEY DECIMAL CLASSIFICATION NUMBER
Item number 19749
100 ## - MAIN ENTRY--AUTHOR NAME
Personal name Sharma P C
245 ## - TITLE STATEMENT
Title Manufacturing technology 1
260 ## - PUBLICATION, DISTRIBUTION, ETC. (IMPRINT)
Place of publication New Delhi
Name of publisher Sultan Chand & Sons,
Year of publication 2014
300 ## - PHYSICAL DESCRIPTION
Number of Pages 362
650 ## - SUBJECT ADDED ENTRY--TOPICAL TERM
Topical Term Diploma Engineering
942 ## - ADDED ENTRY ELEMENTS (KOHA)
Koha item type Books
Holdings
Lost status Damaged status Home library Current library Shelving location Date acquired Cost, normal purchase price Full call number Accession Number Koha item type
    JRU Library   SHELF-42-L 30/06/2016 230.00 19749 19749 Books
    JRU Library   SHELF-42-L 30/06/2016 230.00 19749 19750 Books
    JRU Library   SHELF-42-L 30/06/2016 230.00 19749 19751 Books
    JRU Library   SHELF-42-L 30/06/2016 230.00 19749 19752 Books
    JRU Library   SHELF-42-L 30/06/2016 230.00 19749 19753 Books
    JRU Library   SHELF-42-L 30/06/2016 230.00 19749 19754 Books
    JRU Library   SHELF-42-L 30/06/2016 230.00 19749 19755 Books
    JRU Library   SHELF-42-L 30/06/2016 230.00 19749 19756 Books
    JRU Library   SHELF-42-L 30/06/2016 230.00 19749 19757 Books
    JRU Library   SHELF-42-L 30/06/2016 230.00 19749 19758 Books